El apogeo de la ciencia técnica griega
Guardat en:
| Autor principal: | |
|---|---|
| Format: | Llibre |
| Idioma: | espanyol |
| Publicat: |
México, D.F.
UTEHA.
c1962.
|
| Matèries: | |
| Etiquetes: |
Afegir etiqueta
Sense etiquetes, Sigues el primer a etiquetar aquest registre!
|
MARC
| LEADER | 00000nam a22000005a 4500 | ||
|---|---|---|---|
| 001 | 19696 | ||
| 003 | CL-ChBUA | ||
| 005 | 20120815103729.0 | ||
| 008 | 070301s1962 mx 000 0dspa | ||
| 040 | |a CL-ChBUA |c CL-ChBUA | ||
| 082 | 0 | 0 | |a 938 |
| 090 | |c 19696 |d 19696 | ||
| 100 | 1 | |a Rey, Abel. | |
| 245 | 1 | 0 | |a El apogeo de la ciencia técnica griega |
| 260 | |b UTEHA. |a México, D.F. |c c1962. | ||
| 300 | |b v.164, 165, 2 v.:il. |c 22 cm. | ||
| 504 | |a Bibl., índice. | ||
| 650 | 4 | |a CIENCIA - GRECIA - HISTORIA. | |
| 650 | 4 | |a CIENCIA - HISTORIA. | |
| 650 | 4 | |a CIENCIA ANTIGUA. | |
| 942 | |c LIB | ||
| 952 | |0 0 |1 0 |4 0 |7 0 |9 26908 |a UNACH |b UNACH |c 900 |d 2007-03-05 |i 13.601 t.2. |l 0 |o 938 / R 456. t.1 |p 27907 |r 2012-12-27 00:00:00 |u 26908 |w 2012-08-08 |y LIB |k 938 / R 456. t.1 | ||
| 952 | |0 0 |1 0 |4 0 |7 0 |9 26909 |a UNACH |b UNACH |c 900 |d 2007-03-05 |i 6.149 t.2. |l 0 |o 938 / R 456. t.2 |p 27908 |r 2014-10-02 00:00:00 |u 26909 |w 2012-08-08 |y LIB |k 938 / R 456. t.2 | ||
| 952 | |0 0 |1 0 |4 0 |7 0 |9 26910 |a UNACH |b UNACH |c 900 |d 2007-03-05 |i 6.148 t.1. |l 0 |o 938 / R 456. t.2 |p 27909 |r 2014-10-02 00:00:00 |u 26910 |w 2012-08-08 |y LIB |k 938 / R 456. t.2 | ||
| 999 | |c 19696 |d 19696 | ||